[Event "XXI C.to Italiano UISP A"]
[Site "Palermo ITA"]
[Date "2000.12.??"]
[Round "6"]
[White "Piscopo, Pierluigi"]
[Black "Sarno, Spartaco"]
[Result "1/2-1/2"]
[WhiteElo "2134"]
[BlackElo "2398"]
[PlyCount "61"]
[EventDate "2000.12.06"]

1.e4 d6 2.d4 Nf6 3.Nc3 g6 4.Nf3 Bg7 5.Bc4 O-O 6.Qe2 Nc6 7.h3 Nd7 8.Be3 Nb6
9.Bb3 Na5 10.O-O c6 11.Rfd1 d5 12.exd5 cxd5 13.Re1 e6 14.Bf4 Bd7 15.Ne5 
Rc8 16.Nd1 Nbc4 17.c3 Bb5 18.Ne3 Nxe5 19.Qxb5 a6 20.Qe2 Nec4 21.Bxc4 Nxc4 
22.Nxc4 Rxc4 23.Be5 b5 24.a3 a5 25.Bxg7 Kxg7 26.Qe5+ Qf6 27.Qd6 Rfc8 28.
Re3 R4c6 29.Qg3 Qd8 30.Qe5+ Qf6 31.Qg3 1/2-1/2

[Event "XXI C.to Italiano UISP A"]
[Site "Palermo ITA"]
[Date "2000.12.??"]
[Round "6"]
[White "Salami, Marco"]
[Black "Terreni, Fabio"]
[Result "1-0"]
[WhiteElo "2207"]
[BlackElo "1903"]
[PlyCount "64"]
[EventDate "2000.12.06"]

1.e4 c5 2.Nc3 d6 3.g3 Nf6 4.Bg2 g6 5.d3 Bg7 6.f4 Nc6 7.Nf3 Qb6 8.Nd5 Nxd5 
9.exd5 Nb4 10.Ng1 h5 11.h3 Bd7 12.c3 Na6 13.Nf3 Nc7 14.Nd2 O-O-O 15.Nc4 
Qa6 16.O-O e6 17.dxe6 Bxe6 18.Ne3 d5 19.Nc2 Bf5 20.Rf3 Rhe8 21.Bf1 Qe6 22.
Kh2 c4 23.Re3 Qb6 24.d4 Be4 25.Ne1 Nb5 26.b3 Nxd4 27.bxc4 Nf5 28.Re2 Bxc3 
29.c5 Qb5 30.a4 Qxc5 31.Ba3 Qd4 32.Qc1 Kb8 1-0

[Event "XXI C.to Italiano UISP A"]
[Site "Palermo ITA"]
[Date "2000.12.??"]
[Round "6"]
[White "Sedina, Elena"]
[Black "Ristic, Nenad"]
[Result "0-1"]
[WhiteElo "2405"]
[BlackElo "2429"]
[PlyCount "82"]
[EventDate "2000.12.06"]

1.e4 c5 2.Nf3 e6 3.d4 cxd4 4.Nxd4 Qb6 5.Nb3 Nc6 6.Nc3 Nf6 7.Bd3 Be7 8.Be3 
Qc7 9.f4 d6 10.O-O O-O 11.Qf3 a6 12.Rae1 Nb4 13.Qg3 g6 14.f5 Nxd3 15.cxd3 
Bd7 16.Bh6 Rfe8 17.fxg6 fxg6 18.d4 Bb5 19.e5 dxe5 20.dxe5 Nh5 21.Nxb5 Qb6+
22.Be3 Qxb5 23.Qg4 Bb4 24.Nd4 Qd3 25.Re2 Bc5 26.Nc2 Rac8 27.Bxc5 Rxc5 28.
Ne1 Qd5 29.b3 Rcc8 30.Nf3 Rf8 31.Rd2 Qc5+ 32.Qd4 Qa5 33.g3 Ng7 34.Rdf2 Nf5
35.Qg4 Qb6 36.Qg5 Ne3 37.Rb1 Rf5 38.Qe7 Rxf3 39.Qd6 Qxd6 40.exd6 Rxf2 41.
Kxf2 Nd5 0-1

[Event "XXI C.to Italiano UISP A"]
[Site "Palermo ITA"]
[Date "2000.12.??"]
[Round "6"]
[White "Tomescu, Vlad"]
[Black "Lucaroni, Massimiliano"]
[Result "1-0"]
[WhiteElo "2432"]
[BlackElo "2288"]
[PlyCount "57"]
[EventDate "2000.12.06"]

1.e4 e5 2.Nc3 Nf6 3.Bc4 Nc6 4.d3 Bb4 5.Bg5 h6 6.Bxf6 Qxf6 7.Ne2 Nd4 8.O-O 
Bxc3 9.Nxc3 c6 10.f4 exf4 11.e5 Qf5 12.Qd2 g5 13.Rae1 O-O 14.Qf2 d5 15.
exd6 Qf6 16.Ne4 Qg7 17.c3 Nf5 18.g3 Ne3 19.Rxe3 fxe3 20.Nf6+ Kh8 21.Qxe3 
Bh3 22.Rf2 h5 23.Bb3 Rad8 24.g4 Bxg4 25.Nxg4 f5 26.Ne5 Rxd6 27.Qc5 Rdf6 
28.Qd4 Kh7 29.Nd7 1-0

[Event "XXI C.to Italiano UISP A"]
[Site "Palermo ITA"]
[Date "2000.12.??"]
[Round "6"]
[White "Valguarnera, Girolamo"]
[Black "Fabiano, Giuseppe"]
[Result "0-1"]
[WhiteElo "2133"]
[BlackElo "2300"]
[PlyCount "70"]
[EventDate "2000.12.06"]

1.f4 Nf6 2.Nf3 g6 3.e3 Bg7 4.Be2 O-O 5.O-O c5 6.d3 d5 7.Ne5 Nbd7 8.Qe1 Qc7
9.Qg3 Nxe5 10.fxe5 Nd7 11.d4 f6 12.Nc3 e6 13.h4 fxe5 14.Bd2 Qd8 15.h5 e4 
16.hxg6 h6 17.Rf7 Qg5 18.Qd6 Qxg6 19.Rxd7 Bxd7 20.Qxd7 cxd4 21.Nb5 Rf7 22.
Qd6 Raf8 23.Rf1 Rxf1+ 24.Bxf1 Qf5 25.Qf4 Qxf4 26.exf4 e3 27.Be1 Rxf4 28.
Nxa7 d3 29.Bxd3 e2 30.Nb5 Rf1+ 31.Kh2 Rxe1 32.Kg3 Rb1 33.Bxe2 Rxb2 34.Bd3 
e5 35.Nc7 e4 0-1

[Event "XXI C.to Italiano UISP A"]
[Site "Palermo ITA"]
[Date "2000.12.??"]
[Round "7"]
[White "Adinolfi, Vincenzo"]
[Black "Sedina, Elena"]
[Result "0-1"]
[WhiteElo "2132"]
[BlackElo "2405"]
[PlyCount "56"]
[EventDate "2000.12.06"]

1.Nf3 Nf6 2.b3 g6 3.Bb2 Bg7 4.e3 O-O 5.d4 d6 6.Be2 Nbd7 7.O-O e5 8.dxe5 
Ng4 9.Nbd2 Ndxe5 10.Rb1 Qe7 11.Nxe5 Nxe5 12.Nf3 a5 13.Nxe5 dxe5 14.Bc4 a4 
15.Qe2 c6 16.e4 b5 17.Bd3 Be6 18.c4 b4 19.Bc1 Rfd8 20.Rd1 f6 21.Bc2 axb3 
22.axb3 Ra2 23.Rxd8+ Qxd8 24.Qd1 Qxd1+ 25.Bxd1 Bf8 26.Be3 Kf7 27.Bf3 Ra3 
28.Kf1 Rxb3 0-1

[Event "XXI C.to Italiano UISP A"]
[Site "Palermo ITA"]
[Date "2000.12.??"]
[Round "7"]
[White "Chilingirova, Pavlina"]
[Black "Vezzosi, Paolo"]
[Result "0-1"]
[WhiteElo "2269"]
[BlackElo "2412"]
[PlyCount "100"]
[EventDate "2000.12.06"]

1.c4 e5 2.Nc3 Nc6 3.Nf3 g6 4.g3 Bg7 5.Bg2 d6 6.Rb1 f5 7.d3 Nf6 8.e3 h6 9.
a3 O-O 10.b4 Ne7 11.b5 Be6 12.O-O g5 13.Nd2 d5 14.cxd5 Nfxd5 15.Nxd5 Nxd5 
16.Qc2 f4 17.Re1 Bf7 18.Bb2 g4 19.exf4 exf4 20.Bxg7 Kxg7 21.Bxd5 Bxd5 22.
Rb4 Qd7 23.Qc3+ Kg8 24.Rxf4 Rxf4 25.gxf4 Rf8 26.Ne4 Bxe4 27.Rxe4 Qxb5 28.
Re6 Qf5 29.Rxh6 Qxf4 30.Rh8+ Kf7 31.Qb3+ Kg7 32.Rxf8 Kxf8 33.Qxb7 Qc1+ 34.
Kg2 Qxa3 35.Qc8+ Ke7 36.Qxc7+ Kf6 37.Qf4+ Ke7 38.Qe4+ Kf6 39.Kg3 a5 40.
Kxg4 Qb4 41.d4 a4 42.Qe5+ Kf7 43.f4 a3 44.Qd5+ Ke7 45.f5 Qd6 46.Qe4+ Kf6 
47.Qe3 Qd5 48.Qh6+ Kf7 49.Qh7+ Kf8 50.Qh8+ Qg8+ 0-1

[Event "XXI C.to Italiano UISP A"]
[Site "Palermo ITA"]
[Date "2000.12.??"]
[Round "7"]
[White "Fabiano, Giuseppe"]
[Black "Mazzilli, Piero"]
[Result "0-1"]
[WhiteElo "2300"]
[BlackElo "2192"]
[PlyCount "140"]
[EventDate "2000.12.06"]

1.c4 f5 2.Nf3 Nf6 3.g3 g6 4.Bg2 Bg7 5.O-O O-O 6.d4 d6 7.Nc3 Nc6 8.d5 Ne5 
9.Nxe5 dxe5 10.b3 e4 11.Qc2 c6 12.dxc6 bxc6 13.Bf4 Qa5 14.Na4 e5 15.Bd2 
Qc7 16.Rfd1 Be6 17.Bb4 Rfd8 18.Qc3 Rxd1+ 19.Rxd1 Rd8 20.Rxd8+ Qxd8 21.Qxe5
Bxc4 22.bxc4 Qd1+ 23.Bf1 Qxa4 24.Qe6+ Kh8 25.Bc3 Ng8 26.Bxg7+ Kxg7 27.c5 
Nh6 28.h3 Nf7 29.Kg2 e3 30.Qxe3 Qxa2 31.Qd4+ Kf8 32.e4 Qe6 33.exf5 gxf5 
34.Ba6 Ke7 35.Bb7 Qd7 36.Qe3+ Kd8 37.Ba6 Qd5+ 38.Kh2 Qe5 39.Qd2+ Ke7 40.
Qb4 Kf8 41.Bd3 Ng5 42.Kg2 Qd5+ 43.Kg1 Qxd3 44.Qb8+ Ke7 45.Qe5+ Ne6 46.Qh8 
f4 47.gxf4 Qxh3 48.Qb8 Qg4+ 49.Kf1 Qd1+ 50.Kg2 Qd5+ 51.Kg3 Qxc5 52.Qb7+ 
Kd6 53.Qxh7 Qc3+ 54.Kh2 Qd4 55.f5 Qxf2+ 56.Kh1 Qf1+ 57.Kh2 Qf4+ 58.Kh1 Ng5
59.Qxa7 Qf1+ 60.Kh2 Nf3+ 61.Kg3 Qg1+ 62.Qxg1 Nxg1 63.Kf2 Ke5 64.Kxg1 Kxf5 
65.Kf1 Ke4 66.Ke2 Kd4 67.Kd2 Kc4 68.Kc1 Kc3 69.Kb1 c5 70.Kc1 c4 0-1

[Event "XXI C.to Italiano UISP A"]
[Site "Palermo ITA"]
[Date "2000.12.??"]
[Round "7"]
[White "Farina, Saverio"]
[Black "Ottavi, Marco"]
[Result "1/2-1/2"]
[WhiteElo "2163"]
[BlackElo "2050"]
[PlyCount "69"]
[EventDate "2000.12.06"]

1.c4 e5 2.e3 Nc6 3.d4 Bb4+ 4.Nc3 d6 5.Nf3 f5 6.dxe5 dxe5 7.Qxd8+ Kxd8 8.
Bd2 Nf6 9.a3 Be7 10.Nd5 e4 11.Nxe7 Kxe7 12.Nd4 Bd7 13.Be2 a6 14.h3 Rad8 
15.O-O-O Nxd4 16.exd4 Ba4 17.Bb4+ Kf7 18.Rd2 e3 19.fxe3 Ne4 20.Rd3 Nf2 21.
Rf1 Nxd3+ 22.Bxd3 g6 23.g4 Bd7 24.e4 Rhe8 25.c5 Bb5 26.Bxb5 axb5 27.exf5 
Rxd4 28.fxg6+ Kxg6 29.Bc3 Rc4 30.Rf6+ Kg7 31.Rf5+ Kg8 32.Rg5+ Kf8 33.Rf5+ 
Kg8 34.Rg5+ Kf8 35.Rf5+ 1/2-1/2

[Event "XXI C.to Italiano UISP A"]
[Site "Palermo ITA"]
[Date "2000.12.??"]
[Round "7"]
[White "Ganci, Davide"]
[Black "Galioto, Giovanni"]
[Result "0-1"]
[WhiteElo "1558"]
[BlackElo "2159"]
[PlyCount "42"]
[EventDate "2000.12.06"]

1.c4 e5 2.Nc3 Nc6 3.g3 d6 4.Bg2 Be6 5.d3 Be7 6.Nf3 Qd7 7.a3 Bh3 8.O-O h5 
9.Nd5 Bxg2 10.Kxg2 O-O-O 11.b4 h4 12.Nxe7+ Ngxe7 13.Nxh4 Ng6 14.e3 Nxh4+ 
15.gxh4 Rxh4 16.Qf3 f5 17.h3 g5 18.Rh1 Rdh8 19.Bd2 Qh7 20.Qd1 Rxh3 21.Kg1 
Qh5 0-1

[Event "XXI C.to Italiano UISP A"]
[Site "Palermo ITA"]
[Date "2000.12.??"]
[Round "7"]
[White "Gardon, Ermanno"]
[Black "Ferro, Mario"]
[Result "1-0"]
[WhiteElo "2101"]
[BlackElo "2205"]
[PlyCount "83"]
[EventDate "2000.12.06"]

1.e4 c5 2.Nf3 Nc6 3.d4 cxd4 4.Nxd4 g6 5.c4 Bg7 6.Be3 Nf6 7.Nc3 Qa5 8.Nb3 
Qe5 9.f4 Qb8 10.Be2 d6 11.O-O O-O 12.Rc1 b6 13.Bf3 Bb7 14.Qe2 Nb4 15.Nd4 
Na6 16.Nd5 Re8 17.Rfd1 Nc5 18.Nb5 a6 19.Nbc7 Nxd5 20.Nxd5 Bc6 21.b4 Nd7 
22.Qf2 Bxd5 23.cxd5 Qb7 24.Rc6 b5 25.Rdc1 Nf8 26.Rc7 Qb8 27.e5 a5 28.Ba7 
Qd8 29.bxa5 dxe5 30.d6 e4 31.Bxe4 Rxa7 32.Qxa7 Ne6 33.Rd7 Bd4+ 34.Qxd4 
Qxd7 35.Bc6 Qd8 36.Qb6 exd6 37.Bxe8 Qxe8 38.Qxd6 Ng7 39.Rf1 Qe3+ 40.Kh1 
Nf5 41.Qb8+ Kg7 42.Qe5+ 1-0

[Event "XXI C.to Italiano UISP A"]
[Site "Palermo ITA"]
[Date "2000.12.??"]
[Round "7"]
[White "Genovese, Maurizio"]
[Black "Galioto, Natale"]
[Result "1-0"]
[WhiteElo "2285"]
[BlackElo "2108"]
[PlyCount "61"]
[EventDate "2000.12.06"]

1.c4 Nf6 2.Nc3 g6 3.e4 d6 4.d4 Bg7 5.f4 O-O 6.Nf3 c5 7.d5 e6 8.dxe6 Bxe6 
9.Bd3 Nc6 10.f5 Bc8 11.O-O Ng4 12.Bf4 Nd4 13.h3 Ne5 14.Nxd4 Nxd3 15.Qxd3 
Bxd4+ 16.Be3 Be5 17.Rad1 Qh4 18.Nd5 gxf5 19.exf5 Kh8 20.Bf4 f6 21.Rde1 b5 
22.Bxe5 dxe5 23.Re4 Qh6 24.Nc7 Rb8 25.Nxb5 Bb7 26.Qe3 Qh5 27.Rg4 Rbd8 28.
Qxc5 Qh6 29.Nd6 Ba8 30.Qc7 Bxg2 31.Rxg2 1-0

[Event "XXI C.to Italiano UISP A"]
[Site "Palermo ITA"]
[Date "2000.12.??"]
[Round "7"]
[White "Insabato, Giovanbattista"]
[Black "Bottini, Paolo"]
[Result "1-0"]
[WhiteElo "1996"]
[BlackElo "1911"]
[PlyCount "25"]
[EventDate "2000.12.06"]

1.Nf3 d5 2.g3 c5 3.Bg2 Nf6 4.d3 e6 5.O-O Be7 6.Nbd2 O-O 7.e4 Nc6 8.c3 d4 
9.e5 dxc3 10.bxc3 Ng4 11.Qe2 Qa5 12.Bb2 b5 13.Qe4 1-0

[Event "XXI C.to Italiano UISP A"]
[Site "Palermo ITA"]
[Date "2000.12.??"]
[Round "7"]
[White "Lazic, Miroljub"]
[Black "Aleksic, Nenad"]
[Result "1/2-1/2"]
[WhiteElo "2488"]
[BlackElo "2407"]
[PlyCount "20"]
[EventDate "2000.12.06"]

1.e4 e5 2.Nf3 Nf6 3.d4 Nxe4 4.Bd3 d5 5.Nxe5 Nd7 6.Nxd7 Bxd7 7.O-O Nf6 8.
Bf4 Be7 9.Nd2 O-O 10.h3 Be6 1/2-1/2

[Event "XXI C.to Italiano UISP A"]
[Site "Palermo ITA"]
[Date "2000.12.??"]
[Round "7"]
[White "Lucaroni, Massimiliano"]
[Black "Bellipanni, Piero"]
[Result "0-1"]
[WhiteElo "2288"]
[BlackElo "2166"]
[PlyCount "68"]
[EventDate "2000.12.06"]

1.e4 e5 2.Bc4 Nf6 3.d3 Be7 4.Nc3 O-O 5.f4 d6 6.Nf3 exf4 7.Bxf4 c6 8.Bb3 d5
9.e5 Nh5 10.Be3 f5 11.O-O g5 12.Ne1 Qe8 13.d4 Be6 14.Ne2 f4 15.Bd2 Nd7 16.
c3 Qg6 17.Bc2 Bf5 18.Bxf5 Rxf5 19.c4 dxc4 20.Qc2 Qe6 21.g4 Rff8 22.gxh5 
Qg4+ 23.Kf2 Qh4+ 24.Kf3 Qh3+ 25.Kf2 Qxh2+ 26.Kf3 Qh3+ 27.Kf2 Qh2+ 28.Kf3 
Nxe5+ 29.dxe5 Qh3+ 30.Ke4 Qf5+ 31.Kf3 g4+ 32.Kg2 f3+ 33.Kg3 Qxh5 34.Nxf3 
Qh3+ 0-1

[Event "XXI C.to Italiano UISP A"]
[Site "Palermo ITA"]
[Date "2000.12.??"]
[Round "7"]
[White "Luciani, Valerio"]
[Black "Salami, Marco"]
[Result "1-0"]
[WhiteElo "2131"]
[BlackElo "2207"]
[PlyCount "113"]
[EventDate "2000.12.06"]

1.d4 f5 2.g3 Nf6 3.Bg2 g6 4.Nh3 Bg7 5.Nd2 d6 6.Nf3 Nc6 7.d5 Nb4 8.Nf4 e5 
9.dxe6 Qe7 10.Ng5 Nc6 11.h4 Ne5 12.c3 c6 13.Be3 Nfg4 14.Bd4 Bf6 15.f3 Nh6 
16.Ngh3 Bxe6 17.Nxe6 Qxe6 18.Nf4 Qe7 19.Qb3 Qf7 20.O-O-O Qxb3 21.axb3 Nhf7
22.Rhe1 O-O 23.Ne6 Rfc8 24.e4 fxe4 25.Rxe4 Nd7 26.Bg1 Nde5 27.f4 Ng4 28.
Bh3 h5 29.Ng5 d5 30.Re6 Kg7 31.Bf1 Nfh6 32.Bd3 Nf5 33.Bxf5 gxf5 34.Nf3 Kf7
35.Rde1 Re8 36.Rxe8 Rxe8 37.Rxe8 Kxe8 38.Bxa7 Kd7 39.Kd2 Kd6 40.b4 Ke6 41.
Bd4 Bd8 42.Kd3 Be7 43.Be5 Kf7 44.Nd4 Kg6 45.Ke2 Bd8 46.Nb3 Nxe5 47.fxe5 
Bc7 48.Kf3 Bxe5 49.Na5 d4 50.cxd4 Bxd4 51.Nxb7 Bxb2 52.Nd8 Bd4 53.Nxc6 Bg1
54.Ne7+ Kf6 55.Nd5+ Ke5 56.Nf4 Kd4 57.Ne2+ 1-0

[Event "XXI C.to Italiano UISP A"]
[Site "Palermo ITA"]
[Date "2000.12.??"]
[Round "7"]
[White "Pompa, Alessandro"]
[Black "Livecchi, Dario"]
[Result "0-1"]
[WhiteElo "2094"]
[BlackElo "2200"]
[PlyCount "110"]
[EventDate "2000.12.06"]

1.d4 Nf6 2.c4 g6 3.Nc3 Bg7 4.e4 d6 5.f3 O-O 6.Be3 Nc6 7.Qd2 Re8 8.Nge2 Rb8
9.g4 a6 10.g5 Nh5 11.Ng3 e5 12.Nxh5 gxh5 13.d5 Ne7 14.O-O-O Bd7 15.Bd3 c6 
16.Ne2 b5 17.dxc6 Nxc6 18.Ng3 Na5 19.cxb5 Bxb5 20.Bxb5 Rxb5 21.Nf5 Nc4 22.
Qc3 Nxe3 23.Qxe3 Qc7+ 24.Kb1 Reb8 25.b3 Bf8 26.Rc1 Qa5 27.Nh6+ Kg7 28.Rhd1
Qa3 29.Rd3 a5 30.Rc7 R8b7 31.Rxb7 Rxb7 32.Qc1 Qxc1+ 33.Kxc1 h4 34.Rd5 a4 
35.bxa4 Ra7 36.a5 Kg6 37.Nf5 Kxg5 38.Kd2 Kf4 39.Nxh4 Rb7 40.Kc3 Rc7+ 41.
Kb3 Be7 42.Nf5 Kxf3 43.a6 Bf8 44.Ra5 Ra7 45.Ra4 h5 46.h4 Kf4 47.Kc3 d5 48.
Kd2 dxe4 49.Ne3 Kf3 50.Nc4 e3+ 51.Ke1 f6 52.a3 Bc5 53.Nb2 Rg7 54.Kd1 e2+ 
55.Kd2 Be3+ 0-1

[Event "XXI C.to Italiano UISP A"]
[Site "Palermo ITA"]
[Date "2000.12.??"]
[Round "7"]
[White "Scacco, Mauro"]
[Black "Valguarnera, Girolamo"]
[Result "0-1"]
[WhiteElo "2043"]
[BlackElo "2133"]
[PlyCount "94"]
[EventDate "2000.12.06"]

1.e4 Nc6 2.d4 d5 3.c4 e5 4.cxd5 Nxd4 5.Nf3 Bc5 6.Nc3 Bg4 7.h3 Bxf3 8.gxf3 
Qf6 9.Be2 Ne7 10.Nb5 O-O 11.Nxd4 Bxd4 12.h4 Qb6 13.Kf1 f5 14.Bg5 Rae8 15.
Qb3 fxe4 16.Qxb6 axb6 17.Bb5 c6 18.d6 Nd5 19.d7 Rd8 20.Bxd8 Rxd8 21.fxe4 
Nf4 22.Bc4+ Kf8 23.Rd1 Bxb2 24.Be2 Bd4 25.Bg4 h5 26.Bh3 Ke7 27.Rd2 Ra8 28.
Kg1 Ra3 29.Bf1 Kxd7 30.Bc4 b5 31.Bb3 c5 32.Kh2 c4 33.Bd1 b4 34.f3 b3 35.
axb3 cxb3 36.Rg1 g6 37.Rg5 Ra2 38.Rgg2 Nxg2 39.Rxg2 Rxg2+ 40.Kxg2 b2 41.
Bc2 Kd6 42.Kf1 Kc5 43.Ke2 Kb4 44.Kd3 Ka3 45.f4 Ka2 46.f5 gxf5 47.exf5 Bf2 
0-1